LEADER 01483cam0-22003491i-450- 001 990000207250403321 005 20160319000801.0 035 $a000020725 035 $aFED01000020725 035 $a(Aleph)000020725FED01 035 $a000020725 100 $a20020821g17991800km-y0itay50------ba 101 0 $afre 105 $aaf------001yy 200 1 $aCours de mathématiquesà l'usage des gardes du pavillon, de la marine, et des élèves de l'école polythechnique. Par Bézout ... 205 $aNouvelle édition 210 $aA Paris$cchez Courcier, imprimeur-libraire pour les mathématiques$dan VIII de la République française [1799-1800] 215 $av.$cill.$d8° 307 $a4.: VIII, 366 p., 5 tav. : ill. ; 5.: IV, 402 p., XI c. di tav. ripieg. : ill. 327 0 $a4.: Quatrième partie contenant les principes généraux de la méchanique, précédés des principes de calcul qui servent d'introduction aux sciences physico-mathematiques$a[5].: Suite de la quatrième partie contenant l'application des principes généraux de la méchanique, a différents cas de mouvement et d'équilibre 620 $aFrancia.$dParigi 676 $a530$zita 676 $a531$zita 700 1$aBezout,$bÉtienne$f<1730-1783> 719 00$aCourcier,$gLouis$4650 801 0$aIT$bUNINA$gRICA$2UNIMARC 901 $aAQ 912 $a990000207250403321 952 $a13 AR 4 B 33$b1264$fFINBC 952 $a13 AR 8 A 34$b1106$fFINBC 959 $aFINBC 997 $aUNINA LEADER 01335nam0M2200397--I450- 001 990001103990203316 005 20090604092607.0 010 $a1-84064-928-3 035 $a000110399 035 $aUSA01000110399 035 $a(ALEPH)000110399USA01 035 $a000110399 100 $a20021118h2003----km|y1itay0103----ba 101 0 $aeng 102 $aGB 200 1 $aAntitrust abuse in the new economy$ethe microsoft case$fRichard L. Gordon 210 $aCheltenham [etc.]$cElgar$d2003 215 $aIX, 280 p.$d22 cm 606 0 $aLibera concorrenza$xLegislazione$yStati uniti d'America 606 0 $aAziende di software$xGestione$yStati Uniti d'America 676 $a343.730721 700 1$aGORDON,$bRichard L.$0127163 801 0$aIT$bICCU$c19980723 912 $a990001103990203316 951 $aXXV.3.N 88 (IG XXI 636)$b36258 G.$cXXV.3.N 88 (IG XXI)$d00086488 959 $aBK 969 $aGIU 979 $aJOHNNY$b90$c20021118$lUSA01$h1124 979 $aJOHNNY$b90$c20021118$lUSA01$h1827 979 $aALESSANDRA$b90$c20031113$lUSA01$h1003 979 $aPATRY$b90$c20040406$lUSA01$h1716 979 $aPAOLA$b90$c20050221$lUSA01$h1242 979 $aRSIAV5$b90$c20090604$lUSA01$h0925 979 $aRSIAV5$b90$c20090604$lUSA01$h0926 996 $aAntitrust abuse in the new economy$9977637 997 $aUNISA